Rock Bassists - Statistics

General Stats
  • This quiz has been taken 145 times
  • The average score is 8 of 14
Answer Stats
Song Bassist % Correct
I Want to Hold Your Hand Paul McCartney
84%
Dazed and Confused John Paul Jones
76%
Comfortably Numb Roger Waters
74%
Another One Bites The Dust John Deacon
69%
Tom Sawyer Geddy Lee
65%
My Generation John Entwistle
65%
For Whom The Bell Tolls Cliff Burton
63%
War Pigs Geezer Butler
59%
I Was Made For Lovig You Gene Simmons
55%
Higher Ground Flea
54%
Sunshine of Your Love Jack Bruce
52%
Roundabout Chris Squire
40%
Sharp Dressed Man Dusty Hill
27%
Wrathchild Steve Harris
24%
No matching quizzes found
Score Distribution
Percent of People with Each Score
Percentile by Number Answered
Your Score History
You have not taken this quiz